000 00587nam a2200193 i 4500
001 109732
003 ES-MaACL
005 20240520123917.0
007 t|
008 061121s1934 fr r ||||1| fre d
100 1 _aMunthe, Axel.
_984247
245 1 3 _aLe livre de San Michele /
_cAxel Munthe ; traduit par Paul Rodocanachi ; presenté per Pierre Benoit.
260 _aParis :
_bAlbin Michel,
_c1934.
300 _a440 p. ;
_c21 cm.
700 1 _aRodocanachi, Paul.
_998154
700 0 _aBenoit, Pierre,
_d1886-1962
_927757
852 _aES-MaACL
_jA-2874
999 _c109732
_d109732